Responses for Show #1533 - Wednesday, April 10, 1991

Game entered from audiorecording. Missing prizes.

Contestants

[<< previous game]

John Graziano, a painter and artist from Boston, Massachusetts

Les Friedman, a humanities teacher from Manlius, New York

Jennifer Gottschalk, an attorney originally from Kensington, Maryland (whose 1-day cash winnings total $2,401)

[next game >>]

Jeopardy! Round responses

THE MOVIES
1923
THOMAS JEFFERSON
EARTH SCIENCE
SUPERSTITIONS
"L.B."
(Alex: Those letters will figure prominently in all of the correct responses.)
    $100 3
(Les: Who is [*] Goes To Washington?)

Mr. Smith

Les
    $100 16
the Ku Klux Klan

John
    $100 10
(Jennifer: What is the United States?)
(John: What is the Louisiana Purchase?)

the White House

JenniferJohn
Triple Stumper
    $100 17
an epicenter

Les
    $100 24
a ladder

Les
    $100 1
Lucille Ball

Jennifer
    $200 4
Hopalong Cassidy

Les
    $200 22
Mussolini

Les
    $200 11
Martha

Jennifer
    $200 18
erosion

John
    $200 25
a horseshoe

John
    $200 2
the Lost Boys

Les
    $300 5
Patsy Cline

Jennifer
    $1,000 23
(Alex: And we have a minute to go in this round.)
...
[The music was reprised going into the commercial break.]

"The Charleston"

Les
    $300 12
Aaron Burr

Les
    $300 19
the hydrosphere

Triple Stumper
    $300 26
13

John
    $300 6
"La Bamba"

John
    $400 9
Tootsie

Jennifer
    $400 29
pants (trousers)

Les
    $400 14
the University of Virginia

Les
    $400 20
the Mohs scale

Jennifer
    $400 27
(John: What is to open [*] indoors?)

an umbrella

John
    $400 7
(Les: Who is Louis Buscaglia?)

Leo Buscaglia

JenniferLes
    $500 13
Breathless

Jennifer
    $500 30
Lord Peter Wimsey

John
    $500 15
John Marshall

Jennifer
    $500 21
the Rim of Fire

John
    $500 28
(John: What is make a wish at a crossroads?)

cross their fingers

John
Triple Stumper
    $500 8
Lou Brock

Les

Scores at the first commercial break (after clue 12):

Jennifer Les John
$1,300 $900 $200

Scores at the end of the Jeopardy! Round:

Jennifer Les John
$2,700 $3,100 $1,900

Double Jeopardy! Round responses

U.S. GEOGRAPHY
DANCE
LITERARY BRITAIN
POTENT POTABLES
WORLD HISTORY
ADD IT UP
(Alex: We're going to test your math.)
    $200 2
the Mississippi

Jennifer
    $200 23
the Watusi

Les
    $200 5
Victor Hugo

John
    $200 1
vodka

Jennifer
    $200 15
Herod

Jennifer
    $200 20
(Les: What is 12?)
...
(Alex: Three fiddlers & three men in a tub, & so the correct response is what is [*]?)
...
(Alex: We have a minute to go.)

6

Les
Triple Stumper
    $400 3
Chesapeake Bay

John
    $400 24
India

Les
    $400 6
Henry James

Les
    $400 11
(Alex: You've had it, I'm sure. It is [*].)

vermouth

Triple Stumper
    $400 16
(John: Who are the Gypsies?)
...
(Alex: We were going for the name of the people. The nomadic people are [*].)

the Magyars

John
Triple Stumper
    $400 21
17

John
    $600 4
Salt Lake City

Les
    $600 25
Nijinsky

Les
    $600 7
Beatrix Potter

John
    $600 12
(Jennifer: What is Miller Lite?)

Coors Light

Jennifer
Triple Stumper
    $600 17
Sir Isaac Newton

Jennifer
    $600 27
7

Les
    $800 9
Roger Williams

John
    $800 26
Isadora Duncan

Jennifer
    $1,000 8
(John: Who is...)
(Alex: Pick someone.)
(John: ...oh, I just can't remember. Just completely blanked.)

Oscar Wilde

John
    $1,000 13
Scotland

John
    $800 18
Egypt

Jennifer
    $1000 10
Roanoke Island

Triple Stumper
    $1000 28
[The end-of-round signal sounds.]

Jose Greco

Triple Stumper
    $1000 22
Bloomsbury

Les
    $1000 14
(Jennifer: What is Chile?)

Argentina

JenniferJohn
    $1000 19
St. Bartholomew's Day massacre

Triple Stumper

Scores at the end of the Double Jeopardy! Round:

Jennifer Les John
$3,900 $6,700 $4,900

[wagering suggestions for these scores]

Final Jeopardy! Round responses

TRANSPORTATION
JenniferWhat are United & TWA?
$2,900
JohnWhat are United & US Air?
$3,000
LesWhat are American & TWA?
$3,110
American & United

Final scores:

Jennifer Les John
$1,000 $3,590 $1,900
3rd place New champion: $3,590 2nd place

Game dynamics:

Coryat scores:

Jennifer Les John
$3,900 $6,000 $5,700
14 R,
3 W
18 R
(including 1 DD),
2 W
15 R
(including 1 DD),
4 W
(including 1 DD)

Combined Coryat: $15,600

[game clues] [game scores] [suggest correction]

Game tape date: 1991-02-12
The J! Archive is created by fans, for fans. Scraping, republication, monetization, and malicious use prohibited; this site may use cookies and collect identifying information. See terms. The Jeopardy! game show and all elements thereof, including but not limited to copyright and trademark thereto, are the property of Jeopardy Productions, Inc. and are protected under law. This website is not affiliated with, sponsored by, or operated by Jeopardy Productions, Inc. Join the discussion at JBoard.tv.